| 000 -LEADER |
| fixed length control field |
00984nam a22002177a 4500 |
| 005 - DATE AND TIME OF LATEST TRANSACTION |
| control field |
20240117154728.0 |
| 008 - FIXED-LENGTH DATA ELEMENTS--GENERAL INFORMATION |
| fixed length control field |
240117s2021 enk||||| |||| 00| 0 eng d |
| 020 ## - INTERNATIONAL STANDARD BOOK NUMBER |
| International Standard Book Number |
9789811513480 |
| 041 ## - LANGUAGE CODE |
| Language code of text/sound track or separate title |
eng |
| 080 ## - UNIVERSAL DECIMAL CLASSIFICATION NUMBER |
| Universal Decimal Classification number |
611.31 O-68 |
| 245 ## - TITLE STATEMENT |
| Title |
Oral And Maxillofacial Surgery For The Clinician : |
| Remainder of title |
Volume 2 / |
| Statement of responsibility, etc. |
Editors: Krishnamurthy Bonanthaya, Elavenil Panneerselvam, Suvy Manuel, Vinay V. Kumar, Anshul Rai |
| 264 ## - PRODUCTION, PUBLICATION, DISTRIBUTION, MANUFACTURE, AND COPYRIGHT NOTICE |
| Place of production, publication, distribution, manufacture |
gateway East : |
| Name of producer, publisher, distributor, manufacturer |
Springer, |
| Date of production, publication, distribution, manufacture, or copyright notice |
2021. |
| 300 ## - PHYSICAL DESCRIPTION |
| Extent |
2008 p. : |
| Other physical details |
ill.; |
| Dimensions |
28 cm. |
| 653 ## - INDEX TERM--UNCONTROLLED |
| keyword |
პირის ღრუს და ყბა-სახის ქირურგია |
| 700 ## - ADDED ENTRY--PERSONAL NAME |
| Personal name |
Krishnamurthy, Bonanthaya |
| Relator term |
რედაქტორი |
| 9 (RLIN) |
21065 |
| 700 ## - ADDED ENTRY--PERSONAL NAME |
| Personal name |
Elavenil, Panneerselvam |
| Relator term |
რედაქტორი |
| 9 (RLIN) |
21066 |
| 700 ## - ADDED ENTRY--PERSONAL NAME |
| Personal name |
Suvy, Manuel |
| Relator term |
რედაქტორი |
| 9 (RLIN) |
21067 |
| 700 ## - ADDED ENTRY--PERSONAL NAME |
| Personal name |
Vinay, V. Kumar |
| Relator term |
რედაქტორი |
| 9 (RLIN) |
21068 |
| 700 ## - ADDED ENTRY--PERSONAL NAME |
| Personal name |
Anshul, Rai |
| Relator term |
რედაქტორი |
| 9 (RLIN) |
21069 |
| 942 ## - ADDED ENTRY ELEMENTS (KOHA) |
| Source of classification or shelving scheme |
|
| Koha item type |
წიგნი |